Statistics for Countries with Longest Constitutions

Click here to take the quiz!

General Stats

  • This quiz has been taken 68 times
    (59 since last reset)
  • The average score is 7 of 20

Answer Stats

Answer% Correct
54,408United Kingdom
83%
146,385India
67%
64,488Brazil
62%
57,087Mexico
60%
56,240Pakistan
48%
46,902Colombia
42%
54,555Ecuador
37%
48,438New Zealand
33%
66,263Nigeria
33%
53,985Ghana
27%
48,818Kenya
27%
64,080Malaysia
19%
49,448Uganda
19%
46,221Guyana
17%
58,490Papua New Guinea
15%
45,532Lesotho
13%
44,636Sierra Leone
13%
55,883Zimbabwe
13%
48,604Eswatini
12%
49,643Saint Kitts and Nevis
10%

Score Distribution

Percentile by Number Answered

Percent of People with Each Score

Your Score History

You have not taken this quiz since the last reset